000 00389nam a22001697a 4500
005 20160630112408.0
008 160630b xxu||||| |||| 00| 0 eng d
020 _a978-93-80027-30-2
041 _aeng
082 _b13400
100 _aSingh, Swarn
_93163
245 _aWorkshop practice
260 _bKatson
_c2012
300 _a257
650 _aDiploma Engineering
_9817
942 _cBK
999 _c4883
_d4881